| 000 | nam a22 7a 4500 | ||
|---|---|---|---|
| 999 |
_c219464 _d219464 |
||
| 003 | Nust | ||
| 005 | 20170209194126.0 | ||
| 008 | 170209b xxu||||| |||| 00| 0 eng d | ||
| 020 | _a9781840224511 | ||
| 040 | _cNust | ||
| 082 |
_a823 _bGAS |
||
| 100 | _aGaskell Elizabeth C. | ||
| 245 | _aCranford and other stories | ||
| 260 |
_aLondon: _bWordsworth, _c2006. |
||
| 300 | _a543p. | ||
| 650 | _aStories | ||
| 942 |
_2ddc _cBK |
||